| 000 | 00546nam a2200181 i 4500 | ||
|---|---|---|---|
| 001 | 134589 | ||
| 003 | ES-MaACL | ||
| 005 | 20230906194715.0 | ||
| 007 | t| | ||
| 008 | 070912s1913 fr ||||1| fre d | ||
| 100 | 1 |
_aWide, Anders. _9116745 |
|
| 245 | 1 | 0 |
_aManuel de gymnastique médicale et orthopédique suedoise / _cpar A. Wide ; traduit par G. Falk. |
| 260 |
_aBruxelles : _bA. de Boeck, _c1913. |
||
| 300 |
_a310 p. : _bil. ; _c25 cm. |
||
| 650 | 4 |
_aGimnasia médica. _9152898 |
|
| 700 | 1 |
_aFalk, G. _948747 |
|
| 852 |
_aES-MaACL _jB-11178 |
||
| 999 |
_c134589 _d134589 |
||